000 00704nas a2200253 4500
001 BR8104162
003 BR-BrBNA
005 20231205084828.0
007 ta
008 230509b bl.|||p| |||| 00| 00por d
040 _aBR-BrBNA
_bpor
_cBiblioteca Nacional de Agricultura
041 _a(Pt)
072 _aL00
100 1 _aAnon.
245 1 _aOvinos: desenvolvimento zootecnico dos rebanhos
650 _aOVINO
650 _aOVINOCULTURA
650 _aREBANHO
650 _aZOOTECNIA
650 _aRIO GRANDE DO SUL
773 0 _tAgricultura. A Forca Verde (Brazil)
_xISSN 0100-5650
_g(1981), v. 2(29) p. 14-17
_wBR8104162
909 _a202311
_bLúcia
_c55
_dLúcia Elande
942 _2AGRIS
_n0
_cANA
999 _c107541
_d107541